Анализ линейных импульсных систем автоматического регулирования и управления

التفاصيل البيبلوغرافية
المؤلف الرئيسي: Зайцев Г. Ф. Григорий Фролович
اللغة:الروسية
منشور في: Киев, Технiка, 1967
الموضوعات:
التنسيق: كتاب
KOHA link:https://koha.lib.tpu.ru/cgi-bin/koha/opac-detail.pl?biblionumber=57401

MARC

LEADER 00000nam0a2200000 4500
001 57401
005 20231031054212.0
035 |a (RuTPU)RU\TPU\book\60546 
090 |a 57401 
100 |a 20031030d1967 km y0rusy50 ca 
101 0 |a rus 
102 |a UA 
105 |a a z 001zy 
200 1 |a Анализ линейных импульсных систем автоматического регулирования и управления  |f Г. Ф. Зайцев 
210 |a Киев  |c Технiка  |d 1967 
215 |a 163 с.  |c ил. 
320 |a Библиогр.: с. 161. 
610 1 |a анализ 
610 1 |a импульсные системы 
610 1 |a линейные системы 
610 1 |a автоматическое регулирование 
610 1 |a автоматическое управление 
610 1 |a дискретные системы 
675 |a 621.012  |v 3 
675 |a 621.3.015.32  |v 3 
700 1 |a Зайцев  |b Г. Ф.  |g Григорий Фролович 
801 1 |a RU  |b 63413507  |c 20031030  |g PSBO 
801 2 |a RU  |b 63413507  |c 20220912  |g PSBO 
942 |c BK